000 00587nam a2200229Ia 4500
003 OSt
005 20220924133657.0
006 a|||||r|||| 00| 0
007 ta
008 ASM
024 _a267843
037 _cTextual
040 _aARTS
_cARTS
_bASM
041 _2ASM
_aASM
082 _aO158,6x, N9
100 _aDas Padrnabhusan Pushpalata
_9207059
245 0 _aPadmabhusan pushpalatar chintar rengani
260 _c1999
650 _aASSAMESE LITERATURE
_911738
942 _hO158,6x, N9
_cTEXL
_2CC
999 _c434714
_d434714